000 00365nam a2200157Ia 4500
003 Ost
005 20260225132540.0
008 260225s9999||||xx |||||||||||||| ||und||
040 _cfsic
041 _afre
082 _a658.85
100 _aPierre marie dupuy
_eAuteur
245 0 _aDroit international public /
245 0 _cPierre marie dupuy
942 _cكتاب
999 _c33450
_d33450